000 00399cam a22001217a 4500
008 180718b1985 xxu||||| |||| 00| 0 eng d
082 _aA81x54 In2/81/7/Pt6A&B
100 _aCensus of India 1981
245 _aHimachal Pradesh: fertility tables
260 _aDelhi
_bThe Controller of Publications
_c1985
300 _a641+p.
440 _aCensus of India 1981. Series-7, Himachal Pradesh. Part VI A & B
999 _c482736
_d482736